| 000 | 00852nam a2200253 a 4500 | ||
|---|---|---|---|
| 999 |
_c12347 _d12347 |
||
| 001 | 12347 | ||
| 003 | BD-JhCC | ||
| 005 | 20230205134024.0 | ||
| 008 | 211102t2020 bg |||| ||a| 000 0 Ben d | ||
| 020 | _a9789849384816 | ||
| 035 | _a(BD-JhCC)12347 | ||
| 040 |
_aBD-JhCC _dBD-JhCC |
||
| 041 | _abengali | ||
| 082 |
_a823.92 _bMIC 2020 |
||
| 100 | _aমাইকেলিডিস,এলেক্স | ||
| 245 |
_aদ্য সাইলেন্ট প্যাশেন্ট / _cএলেক্স মাইকেলিডিস, অনু: তনিমা চন্দনা। |
||
| 260 |
_aঢাকা: _bঈহা প্রকাশ; _c২০২০. |
||
| 300 |
_a335 p. : _c22 cm. |
||
| 650 | _apsychotherapy patients | ||
| 650 | _aFamily violence | ||
| 700 | _aচন্দনা,তনিমা | ||
| 942 |
_2ddc _cBK _06 |
||